|
|
แสดงรายละเอียดบรรณานุกรม |
|
|
Brief Record
: Get Marc (ISO 2709)
: E-mail record
: |
|
|
| LEADER 00000nam 2200000uu 4500 | |||
| 001 206130 | |||
| 003 ULIBM | |||
| 008 110620s2008||||th 000 0 tha d | |||
| 020 978-0-7668-5997-5 | |||
| 060 0 WY 100 R691 2008. | |||
| 100 0 ^aRodgers Shielda. | |||
| 245 00 ^aMedical-surgical nursing care plans./^bShielda Rodgers. | |||
| 260 ^aAmerica : ^bThomson delmar learning,^c2008. | |||
| 300 ^a 1,112 p.+CD -ROM | |||
| 650 0 ^aNursing Diagnosis. | |||
| 650 0 ^aPatient Care Planning. | |||
| 650 0 ^aNursing Care Plans. | |||
| 999 ^aใช้งานได้ทุกระบบ | |||
| คุณยังไม่ได้ล็อกอิน คุณสามารถมีกิจกรรมร่วมกับเว็บไซต์ได้ แต่ต้องล็อกอินก่อน :: |
|
| สถานะ | |||||||||
| 1. | หนังสือทั่วไป | WY 100 R691 2008. | On Shelf ขอยืม | ||||||
| [แสดง 1/1 รายการ] | |||||||||
| รายการใกล้เคียง หัวเรื่อง [Nursing Diagnosis.]
|
BibComment |
| คอมเมนท์ทรัพยากรรายการนี้ |
|
|